00250pam a2200121 a 4500020000500000041000800005082000800013100001700021245004300038250001000081260002700091300001000118 c aeng bMAH aMAHAJAN M.,. aBUSINESS ECONOMICShTextual Documents a1990. aPunebNirali Prakashan a337p.